000 00481nam a22001217a 4500
999 _c21668
_d21668
008 240916b ||||| |||| 00| 0 eng d
100 _aSanchez, Kimberly O.
_eauthor.
_961103
245 _aLesson plan in sped :
_bearly intervention class /
_cKimberly O. Sanchez.
260 _aPhilippines;
_bPublishers Association of the Philippines, Inc.,
_cFebruary 2018.
300 _aVolume 66, pages 330,
_billustration.
700 _aSanchez, Kimberly O.
_eauthor.
_961103
942 _2ddc
_cPER